000 00621cam a2200181 a 4500
001 000001601
005 20200929145632.0
008 750730s1931 nyuaf 000 1 eng
040 _aDO-SdBNP
_bspa
_cBNPHU
082 _a817.4
_bT536ó
100 1 _aThurber, James,
_d1894-1961.
_94928
245 1 4 _aThe owl in the attic and other perplexities /
_cJames Thurber.
260 _aNew York, London :
_bHarper & Brothers,
_c1931.
300 _a113 p. :
_bil. ;
_c18 cm.
650 4 _aHumorismo gráfico estadounidense
_95249
650 4 _aLiteratura estadounidense
_9263
700 1 _aWhite, E. B.
_q(Elwyn Brooks),
_d1899-1985.
_95250
999 _c1496
_d1496